000
00296nam a2200121Ia 4500
008
191201s2019 xx 000 0 und d
100
_a
SIDDIQUI,Anees Ahmad
245
0
_a
Pharmaceutics II
260
_b
Tara Pub
_a
New Delhi
_c
2019
300
_a
192
650
_a
Pharmaceutics - 4
942
_2
ddc
_c
BK
999
_c
8274
_d
8274